Statistics for Famous Foods by Picture

Click here to take the quiz!

General Stats

  • This quiz has been taken 1,611 times
  • The average score is 16 of 16

Answer Stats

Answer% Correct
Apple
100%
Pizza
100%
Egg
99%
Orange
99%
Pea
99%
Popcorn
99%
Strawberry
99%
Mushroom
98%
Potato
98%
Tea
98%
Blueberry
97%
Lemon
97%
Pear
97%
Waffle
97%
Coffee
96%
Hamburger
88%

Score Distribution

Percentile by Number Answered

Percent of People with Each Score

Your Score History

You have not taken this quiz